000 01335cam a22003857a 4500
003 CHAP
005 20220329143432.0
008 090812s2007 it rn 00010 fre d
010 _a96559
011 _a97531
020 _a9789252058397
035 _a108199
040 _cCHAP
082 0 4 _a641.30218
_bF261f
110 2 _aFAO. Comisión del Codex Alimentarius
_939482
245 1 0 _aCodex alimentarius :
_bfruits et légumes frais
_c/par FAO. Commission du Codex Alimentarius
260 _aRome :
_bFAO,
_c2007
300 _a188 p.
490 _aPrograma conjunto FAO/OMS sobre normas alimentarias
590 _aBATCH-UPD
_b10
_c20130110
_lUCH01
_h1255
590 _aBATCH-UPD
_b10
_c20130410
_lUCH01
_h0815
590 _aBATCH-UPD
_b10
_c20130913
_lUCH01
_h2017
590 _aCONVERSION
_b10
_c20130109
_lUCH01
_h1353
650 1 4 _aAditivos alimenticios.
_9907
650 1 4 _aAlimentos
_xHigiene.
_94224
650 1 4 _aEmpaque.
_936540
650 1 4 _aFruta
_xNormas de calidad.
_943644
650 1 4 _aFruta
_xPreservación.
_943652
650 1 4 _aLegumbres
_xNormas de calidad.
_965764
650 1 4 _aLegumbres
_xPreservación.
_965774
830 0 _aPrograma conjunto FAO/OMS sobre normas alimentarias
_992254
901 _aBK
942 _cLIBRO
949 _a641.30218 F261f
_bBC
_cFAO
_d33724002078644
_eFAO1
_gDonaciØn
_h110815
_i108199
_sb
999 _c96559
_d96559